000 01233nam a2200349 i 4500
001 13757
003 KOSZ 005
005 20180609095208.0
008 150420s1971 pl a f 000 0 pol
015 _aPB 2015/25680
035 _a(OCoLC)812699527
040 _aWA N
_cWA N
_dKOSZ 005/KK
080 _a778.2
700 1 _aPytliński, Andrzej
_d(1933- ).
_eAutor
999 _c13757
_d13757
999 _bma
100 1 _aMatuszewski, Apolinary.
_eAutor.
245 1 0 _aPrzezrocza :
_btechnika, wykorzystanie /
_cApolinary Matuszewski, Andrzej Pytliński.
250 _aDodruk wydania 1.
260 _aWarszawa :
_bCentralny Ośrodek Metodyki Upowszechniania Kultury,
_c1971.
300 _a119, [1] stron :
_bilustracje ;
_c24 cm.
336 _2rdacontent
_aTekst
_btxt
337 _2rdamedia
_aBez urządzenia pośredniczącego
_bn
338 _2rdacarrier
_aWolumin
_bnc
380 _aKsiążki.
504 _aBibliografia na stronie 118.
650 4 _aPrzezrocza
658 _aInżynieria i technika
710 2 _aCentralny Ośrodek Metodyki Upowszechniania Kultury.
_4pbl.
856 _uhttp://koha.tu.koszalin.pl/cgi-bin/koha/opac-detail.pl?biblionumber=13757
_yKatalog online BPK
942 _2UKD
_cKS